[Event "Leamington Spa 4NCL op-B 26th"]
[Site "Leamington Spa"]
[Date "2021.09.12"]
[Round "5"]
[White "Maladkar, Lavanya"]
[Black "Gillespie, David Paul"]
[Result "0-1"]
[WhiteElo "1885"]
[BlackElo "1997"]
[PlyCount "120"]
[EventDate "2021.09.10"]
[EventType "swiss"]
[EventRounds "5"]
[EventCountry "ENG"]
[SourceTitle "EXT 2023"]
[Source "ChessBase"]
[SourceDate "2022.10.05"]
[SourceVersion "1"]
[SourceVersionDate "2022.10.05"]
[SourceQuality "1"]

1. d4 d5 2. c4 e6 3. Nc3 Nf6 4. Bg5 Be7 5. Nf3 0-0 6. h3 h6 7. Bh4 Ne4 8. Bxe7 Qxe7 9. e3 Nd7 10. Nxe4 dxe4 11. Nd2 f5 12. Be2 b6 13. 0-0 Bb7 14. Qb3 Rab8 15. a4 a5 16. Qc3 Rf7 17. Nb3 Ba6 18. Rfe1 f4 19. Bh5 Rf6 20. exf4 Rxf4 21. g3 Qg5 22. Bg4 Rxg4 23. hxg4 Nf6 24. Nd2 Nxg4 25. Kg2 e3 26. fxe3 Rf8 27. Re2 h5 28. e4 h4 29. Nf3 h3+ 30. Kh1 Qh5 31. Rf1 e5 32. d5 Bc8 33. Qd2 Nh6 34. Qg5 Qxg5 35. Nxg5 Rxf1+ 36. Kh2 Nf7 37. Nxh3 Bxh3 38. Kxh3 Rc1 39. b3 Rc3 40. Rb2 Nd6 41. Kg4 Nxe4 42. Kf5 Nc5 43. b4 axb4 44. Rxb4 e4 45. d6 cxd6 46. Rxb6 Rf3+ 47. Kg4 Nxa4 48. Rxd6 Rc3 49. Rd4 Nb6 50. Rxe4 Rxc4 51. Kf5 Rxe4 52. Kxe4 Kf7 53. Kf5 Nc8 54. g4 Ne7+ 55. Kg5 Ke6 56. Kh5 Kf6 57. Kh4 Kg6 58. g5 Nc6 59. Kg4 Ne5+ 60. Kf4 Nf7 0-1

[Event "Hull 4NCL op"]
[Site "Hull"]
[Date "2019.11.02"]
[Round "3"]
[White "Gogia, Armaan"]
[Black "Maladkar, Lavanya"]
[Result "1-0"]
[WhiteElo "1867"]
[BlackElo "1635"]
[PlyCount "69"]
[EventDate "2019.11.01"]
[EventType "swiss"]
[EventRounds "5"]
[EventCountry "ENG"]
[SourceTitle "CBM 192 Extra"]
[Source "Chessbase"]
[SourceDate "2019.11.06"]
[SourceVersion "1"]
[SourceVersionDate "2019.11.06"]
[SourceQuality "1"]

1. e4 e6 2. Nf3 d5 3. exd5 exd5 4. d4 Nf6 5. Bd3 Bd6 6. 0-0 0-0 7. Bg5 Nbd7 8. Nc3 c6 9. Re1 Qc7 10. Ne2 Ne4 11. Ng3 f5 12. c4 Ndf6 13. Qb3 Bxg3 14. hxg3 Be6 15. Bf4 Qc8 16. c5 h6 17. Rac1 g5 18. Be5 Ng4 19. Re2 Nxe5 20. Nxe5 Kg7 21. Qc2 Qe8 22. g4 h5 23. gxf5 Bxf5 24. Bxe4 Bxe4 25. Qd2 Qd8 26. Rce1 g4 27. f3 gxf3 28. gxf3 Bf5 29. Rg2+ Kh7 30. Ree2 Rg8 31. Rxg8 Qxg8+ 32. Rg2 Qe6 33. Qg5 Rg8 34. Qxh5+ Qh6 35. Qxh6+ 1-0

[Event "ENG-ch (Women)"]
[Site "Hull"]
[Date "2019.08.31"]
[Round "3"]
[White "Maladkar, Lavanya"]
[Black "Headlong, Fenella"]
[Result "1/2-1/2"]
[WhiteElo "1647"]
[BlackElo "1761"]
[PlyCount "59"]
[EventDate "2019.08.30"]
[EventType "swiss"]
[EventRounds "5"]
[EventCountry "ENG"]
[SourceTitle "EXT 2020"]
[Source "ChessBase"]
[SourceDate "2019.10.17"]
[SourceVersion "1"]
[SourceVersionDate "2019.10.17"]
[SourceQuality "1"]

1. d4 d5 2. c4 e6 3. Nc3 Nf6 4. Nf3 Be7 5. e3 0-0 6. Qc2 b6 7. b3 Bb7 8. Be2 Nbd7 9. 0-0 c5 10. Bb2 Rc8 11. Rac1 cxd4 12. Nxd4 a6 13. Qd2 Bb4 14. f3 dxc4 15. Bxc4 b5 16. Be2 Nd5 17. a3 Bxc3 18. Bxc3 Nxc3 19. Rxc3 Rxc3 20. Qxc3 Qb6 21. Rd1 Rc8 22. Qd2 Nf6 23. a4 b4 24. Kh1 Nd5 25. Bc4 Nc3 26. Rf1 e5 27. Nf5 Rd8 28. Qf2 Qf6 29. g4 Rd7 30. h3 1/2-1/2

[Event "Telford 4NCL U1825 op"]
[Site "Telford"]
[Date "2018.11.04"]
[Round "9"]
[White "Brockes, Jeremy P"]
[Black "Maladkar, Lavanya"]
[Result "1/2-1/2"]
[WhiteElo "1492"]
[BlackElo "1656"]
[PlyCount "44"]
[EventDate "2018.10.31"]
[EventType "swiss"]
[EventRounds "9"]
[EventCountry "ENG"]
[SourceTitle "EXT 2021"]
[Source "ChessBase"]
[SourceDate "2020.10.23"]
[SourceVersion "1"]
[SourceVersionDate "2020.10.23"]
[SourceQuality "1"]

1. Nf3 d5 2. d4 Nf6 3. c4 e6 4. g3 g6 5. Bg2 Bg7 6. 0-0 0-0 7. Nc3 c6 8. b3 Nbd7 9. Qc2 b6 10. Ba3 Re8 11. Rad1 Ba6 12. Nd2 Rc8 13. e4 e5 14. dxe5 Nxe5 15. exd5 cxd5 16. Nxd5 Nxd5 17. Ne4 Nxc4 18. bxc4 Bxc4 19. Qb1 Bxf1 20. Kxf1 Qc7 21. Qb3 Qc4+ 22. Qxc4 Rxc4 1/2-1/2

[Event "Telford 4NCL U1825 op"]
[Site "Telford"]
[Date "2018.11.03"]
[Round "6"]
[White "Maladkar, Lavanya"]
[Black "Neil, Graham"]
[Result "1-0"]
[WhiteElo "1656"]
[BlackElo "1660"]
[PlyCount "87"]
[EventDate "2018.10.31"]
[EventType "swiss"]
[EventRounds "9"]
[EventCountry "ENG"]
[SourceTitle "EXT 2021"]
[Source "ChessBase"]
[SourceDate "2020.10.23"]
[SourceVersion "1"]
[SourceVersionDate "2020.10.23"]
[SourceQuality "1"]

1. d4 g6 2. c4 Bg7 3. Nc3 d6 4. e4 Nc6 5. Be3 e6 6. Nge2 Nge7 7. Ng3 0-0 8. d5 Nb8 9. Bd4 e5 10. Be3 f5 11. exf5 Nxf5 12. Nxf5 Bxf5 13. Be2 b6 14. g4 Bd7 15. h4 Qf6 16. Ne4 Qf7 17. Qd2 Bc8 18. h5 Bf6 19. 0-0-0 Nd7 20. Nxf6+ Nxf6 21. hxg6 Qxg6 22. Rh6 Qg7 23. f3 Kf7 24. Rdh1 Ke8 25. g5 Ng8 26. Rxh7 Qg6 27. Bd3 Bf5 28. Qc2 Rf7 29. Bxf5 Qxf5 30. Qxf5 Rxf5 31. Rxc7 Rxf3 32. Rh8 Rf8 33. Rhh7 Rf3 34. Kd2 e4 35. Rxa7 Rb8 36. Rh8 Rf8 37. g6 Ne7 38. g7 Rg8 39. Bg5 Kf7 40. Rxe7+ Kg6 41. Rxg8 Rxg8 42. Bf4 Rxg7 43. Rxg7+ Kxg7 44. Bxd6 1-0

[Event "Telford 4NCL U1825 op"]
[Site "Telford"]
[Date "2018.11.02"]
[Round "5"]
[White "Pert, Nina P"]
[Black "Maladkar, Lavanya"]
[Result "0-1"]
[WhiteElo "1438"]
[BlackElo "1656"]
[PlyCount "166"]
[EventDate "2018.10.31"]
[EventType "swiss"]
[EventRounds "9"]
[EventCountry "ENG"]
[SourceTitle "CBM 187 Extra"]
[Source "ChessBase"]
[SourceDate "2018.11.04"]
[SourceVersion "1"]
[SourceVersionDate "2018.11.04"]
[SourceQuality "1"]

1. e4 c5 2. Nf3 d6 3. d4 cxd4 4. Nxd4 Nf6 5. Nc3 a6 6. Bc4 b5 7. Bb3 Bb7 8. f3 g6 9. 0-0 Bg7 10. Be3 0-0 11. Qd2 Re8 12. Rad1 Nc6 13. Nce2 Na5 14. Ng3 Nxb3 15. Nxb3 Rc8 16. Qf2 Qc7 17. c3 e5 18. Bb6 Qe7 19. Na5 Ba8 20. Qd2 d5 21. Rfe1 Qe6 22. Bf2 dxe4 23. fxe4 Qxa2 24. Ra1 Qe6 25. Ra3 Ng4 26. Nb3 Nxf2 27. Qxf2 Bf8 28. Rea1 Bxa3 29. Rxa3 Qc4 30. Nd2 Qc6 31. Nf3 Bb7 32. Kh1 Qc5 33. Qf1 Qc4 34. Qe1 f6 35. Nd2 Qe6 36. Qf2 Red8 37. Ndf1 Rd1 38. h3 Rcd8 39. Kh2 h5 40. Qa7 R8d7 41. Qf2 h4 42. Ne2 Bxe4 43. Qxh4 Rxf1 44. Qxe4 Kg7 45. Ng3 Rf4 46. Qa8 Ra4 47. Rxa4 bxa4 48. Qe4 Qb3 49. Qg4 Qf7 50. Nf5+ Kf8 51. Nh6 Qh7 52. Qb4+ Qe7 53. Qc4 Kg7 54. Ng4 Qd6 55. Qxa4 e4+ 56. Kg1 Qd1+ 57. Qxd1 Rxd1+ 58. Kh2 Rd2 59. b4 Rc2 60. Kg3 Rxc3+ 61. Kf2 Rb3 62. Ne3 Rxb4 63. Ke2 Rb2+ 64. Kd1 a5 65. g4 a4 66. Nc4 Rh2 67. Kc1 Rxh3 68. Kd2 a3 69. Kc2 f5 70. gxf5 gxf5 71. Nd6 Kf6 72. Nc4 f4 73. Nd2 e3 74. Ne4+ Ke5 75. Nc3 a2 76. Kb2 Rh2+ 77. Ka1 e2 78. Nxe2 Rh1+ 79. Kb2 a1Q+ 80. Kb3 Rb1+ 81. Kc4 Qa4+ 82. Kc3 Qc6+ 83. Kd3 Rd1# 0-1

[Event "Telford 4NCL U1825 op"]
[Site "Telford"]
[Date "2018.11.01"]
[Round "3"]
[White "Fisher, Neal"]
[Black "Maladkar, Lavanya"]
[Result "0-1"]
[WhiteElo "1434"]
[BlackElo "1656"]
[PlyCount "84"]
[EventDate "2018.10.31"]
[EventType "swiss"]
[EventRounds "9"]
[EventCountry "ENG"]
[SourceTitle "CBM 187 Extra"]
[Source "ChessBase"]
[SourceDate "2018.11.04"]
[SourceVersion "1"]
[SourceVersionDate "2018.11.04"]
[SourceQuality "1"]

1. d4 d5 2. Nf3 Nc6 3. c3 Nf6 4. Bf4 Nh5 5. Bg5 h6 6. Bh4 g5 7. Bg3 Nxg3 8. hxg3 Bg7 9. Qc2 e5 10. dxe5 Nxe5 11. Nbd2 g4 12. Nxe5 Bxe5 13. e3 Qe7 14. 0-0-0 Be6 15. Nb3 0-0-0 16. Nd4 Qf6 17. Nxe6 Qxe6 18. Bd3 Kb8 19. Bf5 Qa6 20. a3 h5 21. Bd3 Qf6 22. Rh4 Qg5 23. Kb1 c5 24. Bf5 d4 25. cxd4 cxd4 26. e4 Qf6 27. Qd3 Rd6 28. Rdh1 Qg5 29. Qc4 Rc6 30. Qd5 Bf6 31. Bxg4 Qd2 32. Rxh5 Qc2+ 33. Ka1 Rd8 34. Qa2 d3 35. Rd5 Rxd5 36. exd5 Rb6 37. Rb1 d2 38. Bd1 Bxb2+ 39. Rxb2 Qxd1+ 40. Qb1 Qxb1+ 41. Rxb1 Rxb1+ 42. Kxb1 d1Q+ 0-1

[Event "Basingstoke Spring Bank op U1825"]
[Site "Basingstoke"]
[Date "2018.05.26"]
[Round "3.6"]
[White "Maladkar, Lavanya"]
[Black "Homer, Neil S"]
[Result "1/2-1/2"]
[WhiteElo "1562"]
[BlackElo "1750"]
[PlyCount "67"]
[EventDate "2018.05.25"]
[EventType "swiss"]
[EventRounds "7"]
[EventCountry "ENG"]
[SourceTitle "EXT 2023"]
[Source "ChessBase"]
[SourceDate "2022.10.05"]
[SourceVersion "1"]
[SourceVersionDate "2022.10.05"]
[SourceQuality "1"]

1. d4 d5 2. e3 Nf6 3. c4 e6 4. Nc3 c5 5. Nf3 Nc6 6. dxc5 Bxc5 7. cxd5 exd5 8. Be2 0-0 9. 0-0 Be6 10. Nb5 a6 11. Nbd4 Rc8 12. a3 Bd6 13. b4 Ne4 14. Bb2 Ne7 15. Rc1 Rxc1 16. Qxc1 Qc8 17. Qxc8 Rxc8 18. Rc1 Rxc1+ 19. Bxc1 Nc8 20. Bd3 Nf6 21. h3 h6 22. Bb2 Nb6 23. Nf5 Bxf5 24. Bxf5 Nc4 25. Bc1 b6 26. Kf1 a5 27. bxa5 bxa5 28. a4 Nb6 29. Bc2 Ne4 30. Nd4 Nc3 31. Nc6 Nc4 32. Bb3 Nb6 33. Nxa5 Ncxa4 34. Ke2 1/2-1/2

[Event "ENG Terafinal"]
[Site "Daventry"]
[Date "2017.08.13"]
[Round "5"]
[White "Volovich, Julia"]
[Black "Maladkar, Lavanya"]
[Result "1-0"]
[WhiteElo "139"]
[BlackElo "119"]
[PlyCount "147"]
[EventDate "2017.08.12"]
[EventType "swiss"]
[EventRounds "6"]
[EventCountry "ENG"]
[SourceTitle "CBM 179 Extra"]
[Source "ChessBase"]
[SourceDate "2017.08.23"]
[SourceVersion "1"]
[SourceVersionDate "2017.08.23"]
[SourceQuality "1"]

1. d4 d5 2. c4 e6 3. Nc3 Nf6 4. Bg5 Nbd7 5. a3 c6 6. e3 g6 7. Nf3 Bg7 8. Qc2 a6 9. a4 b6 10. Bd3 Bb7 11. b3 Rc8 12. 0-0 0-0 13. Qe2 Qe8 14. Rfc1 c5 15. cxd5 exd5 16. Bxa6 Bxa6 17. Qxa6 cxd4 18. Nxd4 Qe5 19. Bf4 Qe7 20. Qe2 Qc5 21. Qe1 Qe7 22. Ncb5 Ne5 23. Rxc8 Rxc8 24. Rc1 Rxc1 25. Qxc1 h5 26. h3 Nd3 27. Qc8+ Kh7 28. Bd6 Qe8 29. Qxe8 Nxe8 30. Bb8 Nf6 31. Bc7 Nd7 32. Nc3 N3c5 33. Nxd5 Bxd4 34. exd4 Nxb3 35. Nxb6 Nf6 36. Be5 Ne8 37. d5 f6 38. d6 Nc5 39. Bd4 Ne6 40. d7 Nd6 41. Bxf6 Nb7 42. Nc4 Kg8 43. a5 Nbc5 44. d8Q+ Nxd8 45. Bxd8 Na6 46. Kf1 Kf7 47. Ne5+ Ke8 48. Bg5 Kf8 49. Nxg6+ Kg7 50. Nf4 Kf7 51. Nxh5 Kg6 52. h4 Kxh5 53. f3 Kg6 54. g4 Nb4 55. f4 Kg7 56. Ke2 Kf7 57. h5 Kg7 58. h6+ Kg6 59. Kf3 Na6 60. Ke4 Nc5+ 61. Kd5 Na6 62. Kc6 Nb4+ 63. Kb7 Kf7 64. a6 Nxa6 65. Kxa6 Kg6 66. f5+ Kh7 67. Kb7 Kg8 68. Kc7 Kf7 69. Kd7 Kg8 70. Ke8 Kh7 71. Kf7 Kh8 72. Kg6 Kg8 73. h7+ Kh8 74. Bf6# 1-0